MARC

LEADER 00000nam0a2200000 4500
001 258376
005 20231101233306.0
010 |a 5110001928 
035 |a (RuTPU)RU\TPU\book\281225 
090 |a 258376 
100 |a 20140424d1988 k y0rusy50 ca 
101 0 |a rus 
102 |a UA 
105 |a a z 001zy 
200 1 |a Адаптивное управление: алгоритмы, системы, применение  |f В. М. Кунцевич  |g под ред. В. В. Павлова 
210 |a Киев  |c Выща школа  |d 1988 
215 |a 64 с.  |c ил. 
225 1 |a Проблемы технической кибернетики 
320 |a Библиогр.: с. 62-63. 
606 1 |a Адаптивные системы  |2 stltpush  |3 (RuTPU)RU\TPU\subj\1514  |9 30286 
610 1 |a адаптивное управление 
610 1 |a переменные параметры 
610 1 |a алгоритмы управления 
610 1 |a оптимальное управление 
610 1 |a нестационарные объекты 
675 |a 681.513.6  |v 3 
700 1 |a Кунцевич  |b В. М.  |g Всеволод Михайлович 
702 1 |a Павлов  |b В. В.  |4 340 
801 1 |a RU  |b 63413507  |c 20140424 
801 2 |a RU  |b 63413507  |c 20141006  |g RCR 
942 |c BK